000 00642nam a2200277Ia 4500
008 210210b1928 xxu||||| |||| 00| 0 eng d
041 _aeng
082 _a546 FRIT
100 _aFRIEND (J Newton) Ed
245 _aText book of inorganic chemistry Vol VI Part I
_bNitrogen
260 _aLondon
_bCharles Griffin & Co Ltd.
_c1928
300 _axxviii, 242
440 _aVI
650 _aVol
650 _aVI
650 _aText
650 _aPart
650 _aof
650 _aNitrogen
650 _ainorganic
650 _aI
650 _achemistry
650 _abook
690 _aInorganic Chemistry
906 _a009478
999 _c140651
_d140651